000 00295nam a22001337a 4500
008 171219b xxu||||| |||| 00| 0 eng d
020 _a0136917348
041 _aeng
080 _22ND
_a82
100 _a21
101 _aGJL
245 _aPRENTICE HALL LITERATURE
_cTHOMPSON,E
942 _2udc
_cBK
999 _c39162
_d39162